| 000 | 00588nam a22001937a 4500 | ||
|---|---|---|---|
| 999 |
_c186783 _d186783 |
||
| 005 | 20220315123456.0 | ||
| 010 | _aENG-131991 | ||
| 020 |
_a9788123780436 _c125.00 |
||
| 035 | _aEN-115523 | ||
| 037 | _bDBAD | ||
| 082 | _aN | ||
| 100 | _aSahay,Brijnandan | ||
| 245 |
_aThe Aesthete/ _cBrijnandan Sahay And Translated by Murari Madhusudan Thakur |
||
| 260 |
_a New Delhi _bNational Book Trust _c2017 |
||
| 270 |
_aNehru Bhawan,5 Institutional Area,Phase II _b New Delhi _e110070 |
||
| 300 |
_axxvi,139p. _c22cm(pbk) |
||
| 700 | _aThakur,Murari Madhusudan | ||
| 942 |
_2ddc _cEN _hN _mBRI |
||